000
00278nam a2200109Ia 4500
001
1265135
005
20260417142018.0
008
260417s9999 xx 000 0 und d
020
_a
9789752890244
245
0
_a
Kumral Ada Mavi Tuna
_c
Buket Uzuner
260
_b
Everest Yayınları
999
_c
1265135
_d
1265135